|
|
|
|
| LEADER |
01026nam a2200265 a 4500 |
| 001 |
3359 |
| 003 |
BD-DhAAL |
| 005 |
20150524095739.0 |
| 008 |
150524s1996 nyua b 001 0 eng |
| 010 |
|
|
|a 95024810
|
| 020 |
|
|
|a 0070033080
|
| 040 |
|
|
|a DLC
|c DLC
|d DLC
|d BD-DhAAL
|
| 050 |
0 |
0 |
|a TH453
|b .B864 1996
|
| 082 |
0 |
0 |
|a 690/.22
|2 20
|
| 245 |
0 |
0 |
|a Building evaluation techniques /
|c Centre for Building Performance Research, Victoria University of Wellington ; George Baird ... [et al.].
|
| 260 |
|
|
|a New York :
|b McGraw-Hill,
|c 1996.
|
| 300 |
|
|
|a xxiv, 207 p. :
|b ill. ;
|c 29 cm.
|
| 504 |
|
|
|a Includes bibliographical references and index.
|
| 541 |
|
|
|e 3359
|
| 650 |
|
0 |
|a Buildings
|x Performance.
|9 11342
|
| 700 |
1 |
|
|a Baird, George.
|9 11343
|
| 710 |
2 |
|
|a Victoria University of Wellington.
|b Centre for Building Performance Research.
|9 11344
|
| 942 |
|
|
|2 ddc
|c BK
|
| 999 |
|
|
|c 34499
|d 34499
|
| 952 |
|
|
|0 0
|1 0
|2 ddc
|4 0
|6 690_220000000000000_BUI
|7 0
|9 53848
|a SCL
|b SCL
|c GEN
|d 2015-05-24
|l 0
|o 690.22 BUI
|p 3020003359
|r 2015-05-24
|t 1
|w 2015-05-24
|y BK
|